| 000 | 01724nam a2200349 u 4500 | ||
|---|---|---|---|
| 001 | 000003555 | ||
| 003 | DO-SdBNP | ||
| 005 | 20250702113508.0 | ||
| 007 | ta | ||
| 008 | 090710s2002 dr 000 0 spa d | ||
| 040 |
_aDO-SdBNP _bspa _cBNPHU |
||
| 082 | 4 |
_a338.97293 _bD578a _222 |
|
| 100 | 1 |
_aDilla, Haroldo _96403 |
|
| 245 | 1 | 0 |
_aAnálisis estructural y desarrollo de estrategias para un desarrollo económico local y de empleo en areas seleccionadas dentro del marco del Programa ¨Descentralización y Desarrollo Local¨ en la República Dominicana / _cHaroldo Dilla, Jacqueline Mora, Marina Ortiz; cuidado de edición Hernán Aristizábal. |
| 246 | 1 | 4 | _aAnálisis y estrategias para un desarrollo económico local y empleo en Reública Dominicana |
| 260 |
_aSanto Domingo : _bgtz, _c2002. |
||
| 300 |
_a195 p. ; _c22 cm. |
||
| 500 | _aAnálisis de los factores de determinación de competitividad sistémica a nivel meso y micro , a nivel regional/local para el territorio de las regiones/provincias La Vega, Salcedo, Duarte y Espaillat | ||
| 504 | _aIncluye referencias bibliográficas y notas al pie de las páginas | ||
| 590 | _aInventariado, 2018/BT | ||
| 650 | 0 |
_aDesarrollo económico _985548 |
|
| 650 | 4 |
_aDesarrollo de la comunidad _zRepública Dominicana _92533 |
|
| 650 | 0 |
_a Competencia económica _98351 |
|
| 651 | 4 |
_aRepública Dominicana _xCondiciones económicas _9281 |
|
| 651 | 4 |
_aRepública Dominicana _xPolítica económica _9643 |
|
| 651 | 4 |
_aRepública Dominicana _xCondiciones sociales _946 |
|
| 700 | 1 |
_aMora, Jacqueline, _910985 |
|
| 700 | 1 |
_aOrtiz, Marina, _910383 |
|
| 700 | 1 |
_aAristizábal, Hernán, _eed. _910986 |
|
| 910 | _aValidado. Control de calidad. MFF | ||
| 942 |
_2ddc _cLBS1 |
||
| 999 |
_c3380 _d3380 |
||